000 00667nam a2200193Ia 4500
003 GCL
008 140319s9999 xx 000 0 ara d
040 _aGCL /
_cGCL
082 0 4 _a251
_bج ا
100 1 _aجلال الدين عبدالرحمن ابى بكر
245 1 0 _aالاجمال والبيان ووضعهما فى نصوص الاحكام /
_cجلال الدين عبدالرحمن ابى بكر
260 _a[S.N] :
_bدار الكتاب الجامعى ،
_c1984
300 _a160 ص
490 _a
650 0 4 _aالاصول
650 0 4 _aالفقه الاسلامى
650 0 4 _aالمباحث الاصولية اللغوية
942 _2ddc
_cBK
999 _c37895
_d37895